[Event "Khanty-Mansiysk Governor Cup Rapid 18th"]
[Site "Khanty-Mansiysk"]
[Date "2022.11.26"]
[Round "2"]
[White "Sabirov, Timur"]
[Black "Riazantsev, Alexander"]
[Result "1/2-1/2"]
[WhiteElo "1869"]
[BlackElo "2626"]
[PlyCount "166"]
[EventDate "2022.11.26"]
[EventType "swiss (rapid)"]
[EventRounds "11"]
[EventCountry "RUS"]
[SourceTitle "CBM 211 Extra"]
[Source "ChessBase"]
[SourceDate "2023.01.31"]
[SourceVersion "1"]
[SourceVersionDate "2023.01.31"]
[SourceQuality "1"]

1. c4 e6 2. Nc3 d5 3. d4 Bb4 4. e3 Nf6 5. cxd5 exd5 6. Bd3 0-0 7. Nge2 b6 8. Bd2 Re8 9. Qc2 c6 10. h3 Ba6 11. Bxa6 Nxa6 12. Qa4 Qc8 13. Rc1 Qb7 14. 0-0 Bd6 15. a3 Rac8 16. Qc2 Nc7 17. Qf5 Ne6 18. b4 Qe7 19. h4 g6 20. Qf3 h5 21. Rc2 Nd7 22. g3 b5 23. e4 dxe4 24. Nxe4 Nxd4 25. Nxd4 Qxe4 26. Qxe4 Rxe4 27. Nxb5 Bb8 28. Kg2 a6 29. Nc3 Rc4 30. Rfc1 Be5 31. Na4 Rxc2 32. Rxc2 Bd4 33. Rc4 Ba7 34. Bf4 Kg7 35. Bd6 Kf6 36. Bc5 Bb8 37. Nc3 Ne5 38. Bd4 Ke6 39. Bxe5 Bxe5 40. Na4 Kd6 41. Nc5 Rc7 42. a4 a5 43. bxa5 Kd5 44. Rc2 Ra7 45. Nb3 Bd6 46. Rd2+ Ke6 47. Rc2 Ra6 48. Rc5 Ke7 49. Rc4 Ke6 50. Rc5 Bb8 51. f3 Be5 52. g4 hxg4 53. fxg4 Kd6 54. Kf3 f6 55. h5 gxh5 56. gxh5 Ra8 57. Rc4 Rb8 58. Nc5 Kd5 59. Rc1 Bd4 60. Nd7 Rb3+ 61. Kg4 Ke6 62. Nf8+ Kf7 63. Nd7 Ke6 64. Nf8+ Kf7 65. Ng6 c5 66. Kf5 Rf3+ 67. Ke4 Ra3 68. Rc4 Ke6 69. a6 f5+ 70. Kf4 Be3+ 71. Kf3 Bg5+ 72. Kg2 Ra2+ 73. Kf1 Ra1+ 74. Ke2 Ra2+ 75. Kd3 Rd2+ 76. Kc3 Rd6 77. Rxc5 Rxa6 78. a5 Kf6 79. Kc4 Bd2 80. Nh4 Rxa5 81. Rxf5+ Rxf5 82. Nxf5 Kxf5 83. h6 Bxh6 1/2-1/2

[Event "Khanty-Mansiysk Governor Cup 17th"]
[Site "Khanty-Mansiysk"]
[Date "2021.11.19"]
[Round "9"]
[White "Mochalin, Faddey"]
[Black "Sabirov, Timur"]
[Result "1-0"]
[WhiteElo "2046"]
[BlackElo "1799"]
[PlyCount "67"]
[EventDate "2021.11.11"]
[EventType "swiss"]
[EventRounds "9"]
[EventCountry "RUS"]
[SourceTitle "CBM 205 Extra"]
[Source "ChessBase"]
[SourceDate "2022.01.31"]
[SourceVersion "1"]
[SourceVersionDate "2022.01.31"]
[SourceQuality "1"]

1. e4 g6 2. d4 Nf6 3. Nc3 d6 4. Be3 Bg7 5. f3 0-0 6. Qd2 Nbd7 7. 0-0-0 e5 8. d5 a6 9. g4 h5 10. g5 Nh7 11. h4 b5 12. a3 Nb6 13. Nh3 Bd7 14. Re1 Qe8 15. b3 a5 16. Nd1 b4 17. a4 Nxa4 18. bxa4 Bxh3 19. Bxh3 Qxa4 20. Qd3 Rfb8 21. Kd2 Qe8 22. Nb2 f6 23. Qc4 Qe7 24. gxf6 Bxf6 25. Nd3 Bxh4 26. Nxe5 Bxe1+ 27. Kxe1 Ng5 28. Nxg6 Qg7 29. Bxg5 Qa1+ 30. Kf2 Qxh1 31. Be6+ Kh7 32. Qxc7+ Kxg6 33. Bf5+ Kxg5 34. Qg7+ 1-0

[Event "Khanty-Mansiysk Governor Cup 17th"]
[Site "Khanty-Mansiysk"]
[Date "2021.11.12"]
[Round "2"]
[White "Goganov, Aleksey"]
[Black "Sabirov, Timur"]
[Result "1-0"]
[WhiteElo "2584"]
[BlackElo "1799"]
[PlyCount "47"]
[EventDate "2021.11.11"]
[EventType "swiss"]
[EventRounds "9"]
[EventCountry "RUS"]
[SourceTitle "CBM 205 Extra"]
[Source "ChessBase"]
[SourceDate "2022.01.31"]
[SourceVersion "1"]
[SourceVersionDate "2022.01.31"]
[SourceQuality "1"]

1. d4 Nf6 2. c4 e6 3. Nf3 b6 4. g3 Ba6 5. Nbd2 Bb4 6. Qc2 0-0 7. Bg2 Bb7 8. 0-0 Bxd2 9. Bxd2 Be4 10. Qb3 d6 11. Rfd1 Nbd7 12. Rac1 Qe7 13. Qa3 Rfd8 14. b4 c5 15. Qb2 Rac8 16. a4 d5 17. dxc5 bxc5 18. cxd5 Nxd5 19. b5 c4 20. Nd4 Bxg2 21. Nc6 Qc5 22. Nxd8 Be4 23. Nc6 N7b6 24. Qe5 1-0

[Event "Cheliabinsk Panchenko Memorial op-A"]
[Site "Cheliabinsk"]
[Date "2021.09.19"]
[Round "8"]
[White "Plyasunov, Daniil"]
[Black "Sabirov, Timur"]
[Result "1/2-1/2"]
[WhiteElo "2047"]
[BlackElo "1834"]
[PlyCount "86"]
[EventDate "2021.09.13"]
[EventType "swiss"]
[EventRounds "10"]
[EventCountry "RUS"]
[SourceTitle "CBM 204 Extra"]
[Source "ChessBase"]
[SourceDate "2021.11.30"]
[SourceVersion "1"]
[SourceVersionDate "2021.11.30"]
[SourceQuality "1"]

1. e4 c5 2. Nf3 d6 3. d4 cxd4 4. Nxd4 Nf6 5. Nc3 a6 6. Be3 e5 7. Nb3 Be6 8. Qd2 Be7 9. f3 Nc6 10. 0-0-0 Na5 11. Nxa5 Qxa5 12. Kb1 Rc8 13. Nd5 Qxd2 14. Nxf6+ gxf6 15. Rxd2 f5 16. Bd3 f4 17. Bf2 Bg5 18. b3 Rg8 19. c4 Rg6 20. Rhd1 Ke7 21. Bf1 Rc6 22. Bd3 Rh6 23. Rh1 Bh4 24. g3 Bxg3 25. Bxg3 fxg3 26. Rg2 gxh2 27. Rgxh2 Rxh2 28. Rxh2 Rc8 29. Rxh7 Rg8 30. Rh2 Rg3 31. Be2 Bh3 32. Rf2 Kf6 33. Kc1 Kg5 34. Kd2 Kf4 35. Rh2 f6 36. b4 Bg2 37. Rh6 Kg5 38. Rh7 Bxf3 39. Bxf3 Rxf3 40. Rxb7 Kf4 41. Rb6 Kxe4 42. Rxd6 Ra3 43. c5 Rxa2+ 1/2-1/2

[Event "Cheliabinsk Panchenko Memorial op-A"]
[Site "Cheliabinsk"]
[Date "2021.09.16"]
[Round "4"]
[White "Sabirov, Timur"]
[Black "Nurgaliyev, Sauat"]
[Result "1-0"]
[WhiteElo "1834"]
[BlackElo "2059"]
[PlyCount "108"]
[EventDate "2021.09.13"]
[EventType "swiss"]
[EventRounds "10"]
[EventCountry "RUS"]
[SourceTitle "CBM 204 Extra"]
[Source "ChessBase"]
[SourceDate "2021.11.30"]
[SourceVersion "1"]
[SourceVersionDate "2021.11.30"]
[SourceQuality "1"]

1. d4 d5 2. Nf3 Nf6 3. g3 e6 4. Bg2 Be7 5. 0-0 0-0 6. c4 dxc4 7. Ne5 Nc6 8. Bxc6 bxc6 9. Nxc6 Qe8 10. Nxe7+ Qxe7 11. Qa4 e5 12. dxe5 Qxe5 13. Qxc4 Be6 14. Qc2 Bf5 15. Qd2 Bh3 16. Re1 Rad8 17. Qc3 Qh5 18. f3 Rfe8 19. Nd2 Qb5 20. e3 Rd3 21. Qc4 Qd7 22. Nb3 Be6 23. Qc2 Bf5 24. Qf2 Qe7 25. e4 Bg6 26. Nc5 Rxf3 27. Qxf3 Qxc5+ 28. Be3 Qa5 29. e5 Be4 30. Qd1 Qxe5 31. Bd4 Qf5 32. Bxf6 Qxf6 33. Qe2 h6 34. Qf2 Qa6 35. Rad1 f5 36. Rd7 Qa5 37. Red1 c5 38. Qd2 Qb6 39. Qc3 Qg6 40. Rxa7 Kh8 41. Rdd7 Rg8 42. Qd2 c4 43. Qd6 Qg5 44. Qf4 Qh5 45. Qd2 Bd3 46. Re7 Qh3 47. Qf2 Qg4 48. a4 Be4 49. Red7 Bc6 50. Rd4 Be4 51. Rad7 Qg5 52. Rxc4 Rf8 53. Rxe4 Rc8 54. Red4 Kh7 1-0